| 000 | 00472nam a2200169Ia 4500 | ||
|---|---|---|---|
| 003 | LK-CoDNM | ||
| 005 | 20241209104143.0 | ||
| 008 | 010623t1983 xxu||||| |||| 00| 1 eng d | ||
| 040 |
_aLK-CoDNM _dLK-CoDNM _eLK-CoDNM |
||
| 041 | _aeng | ||
| 080 | _a294.38 (17) | ||
| 100 | _aDhirasekera,Jotiya. | ||
| 245 | _aParable of the Snake : A Translation of the Alagaddupama Sutta | ||
| 260 |
_bThe Ministry Of Cultural Affairs _c1983 |
||
| 300 | _b21p., 24 cm | ||
| 942 | _cBK | ||
| 999 |
_c112151 _d112151 |
||